Del pensar Venezolano

Salvato in:
Dettagli Bibliografici
Autore principale: Granell, Manuel
Natura: Libro
Lingua:Undetermined
Pubblicazione: Venezuela Catana 1967
Soggetti:
Tags: Aggiungi Tag
Nessun Tag, puoi essere il primo ad aggiungerne!!

MARC

LEADER 00000nam a2200000Ia 4500
008 170316s9999 xx 000 0 und d
090 |a 100 G-53d 
100 |a Granell, Manuel 
245 |a Del pensar Venezolano 
260 |a Venezuela 
260 |b Catana 
260 |c 1967 
300 |a 294 páginas 
650 |a FILOSOFÍA 
999 |c 16347  |d 16347 
040 |a cru BVZT 
942 |c 15 D  |h 100 G-53d  |2 z